[Event "BL 8687 Bayern-Porz"]
[Site "?"]
[Date "1987.??.??"]
[Round "?.6"]
[White "Hickl, J."]
[Black "Gerusel, M."]
[Result "1/2-1/2"]
[WhiteElo "2430"]
[BlackElo "2390"]
[PlyCount "204"]
[EventDate "1987.??.??"]

1. e4 c5 2. Nc3 Nc6 3. f4 g6 4. Nf3 Bg7 5. Bb5 Nd4 6. O-O a6 7. Bd3 d6 8. Nxd4
cxd4 9. Ne2 Nf6 10. c3 dxc3 11. bxc3 b5 12. Bc2 Bb7 13. d3 Qb6+ 14. Kh1 O-O 15.
Qe1 Rac8 16. Rb1 Qa5 17. a4 Bc6 18. axb5 axb5 19. Bd2 e5 20. Bb3 Qc7 21. f5 d5
22. fxg6 hxg6 23. Qh4 Ne8 24. exd5 Bd7 25. d4 Nd6 26. Ng3 exd4 27. Bf4 Rfe8 28.
cxd4 Qb6 29. Bxd6 Qxd6 30. Ne4 Rxe4 31. Qxe4 Bf5 32. Qf3 Bxb1 33. Qxf7+ Kh7 34.
Rxb1 Rf8 35. Qe6 Qxe6 36. dxe6 Bxd4 37. g3 Kg7 38. Rd1 Bc5 39. Rd5 Rf1+ 40. Kg2
Rf2+ 41. Kh3 Rf5 42. Rd7+ Kf8 43. Kg4 Be7 44. h4 b4 45. Rb7 Re5 46. Kf4 Rc5 47.
g4 Rc3 48. Bd5 Bxh4 49. Rf7+ Ke8 50. Be4 Be7 51. Bxg6 Rc4+ 52. Kf3 Kd8 53. Bf5
b3 54. g5 Bxg5 55. Rd7+ Ke8 56. Bg6+ Kf8 57. Rf7+ Kg8 58. Bh7+ Kh8 59. e7 Bxe7
60. Rxe7 Rb4 61. Bb1 b2 62. Ke2 Kg8 63. Kd2 Kf8 64. Re1 Rc4 65. Bc2 Rc8 66. Rb1
Rb8 67. Kc3 Ke7 68. Bb3 Kd6 69. Rxb2 Ke5 70. Re2+ Kf4 71. Bd5 Rb5 72. Kd4 Rb4+
73. Bc4 Ra4 74. Rf2+ Kg3 75. Rf8 Kg4 76. Kd5 Kg5 77. Bd3 Kg4 78. Be4 Ra5+ 79.
Kd4 Ra4+ 80. Ke5 Ra5+ 81. Bd5 Kg5 82. Rg8+ Kh5 83. Rg1 Rb5 84. Kd4 Kh6 85. Ke4
Ra5 86. Be6 Rg5 87. Ra1 Rb5 88. Bf5 Kg5 89. Rg1+ Kf6 90. Rg6+ Kf7 91. Ra6 Rb4+
92. Ke5 Rb5+ 93. Kf4 Ke7 94. Be6 Rb1 95. Bd5 Re1 96. Be4 Rf1+ 97. Ke5 Re1 98.
Ra7+ Ke8 99. Kf4 Kd8 100. Kf5 Re2 101. Ke5 Ke8 102. Kd5 Kf8 1/2-1/2

[Event "BL 8687 Bayern-Porz"]
[Site "?"]
[Date "1987.??.??"]
[Round "?.7"]
[White "Garcia Palermo, C."]
[Black "Klundt, K."]
[Result "0-1"]
[WhiteElo "2515"]
[BlackElo "2375"]
[PlyCount "92"]
[EventDate "1987.??.??"]

1. d4 Nf6 2. Nf3 g6 3. c4 Bg7 4. Nc3 O-O 5. e4 d6 6. Be2 e5 7. Be3 Ng4 8. Bg5
f6 9. Bh4 Nd7 10. O-O Nh6 11. Qc2 g5 12. Bg3 g4 13. Nh4 exd4 14. Nb5 f5 15.
Nxf5 Nxf5 16. exf5 a6 17. Nxd6 cxd6 18. Bxd6 Ne5 19. Bxf8 Qxf8 20. f4 Bxf5 21.
Qd1 Nc6 22. Bxg4 d3 23. Bf3 Rd8 24. Bd5+ Kh8 25. Qd2 Nb4 26. Bxb7 Nc2 27. Rab1
Ne3 28. b3 Nxf1 29. Rxf1 Qf6 30. Bf3 Qd4+ 31. Kh1 Be4 32. Bh5 Bf6 33. h3 Rg8
34. Bf3 Bxf3 35. Rxf3 Rd8 36. Rf1 Qc3 37. Qf2 d2 38. Rd1 Qd3 39. c5 Qc2 40. Qe2
Qxc5 41. Qxa6 Qd6 42. Qa4 Bc3 43. Qc4 Qd3 44. Qc6 Qe3 45. b4 Bd4 46. Qc7 Qe1+
0-1

[Event "BL 8687 München 36-Enger"]
[Site "?"]
[Date "1987.??.??"]
[Round "?.1"]
[White "Gruen, G."]
[Black "Unzicker, W."]
[Result "1/2-1/2"]
[WhiteElo "2410"]
[BlackElo "2470"]
[PlyCount "58"]
[EventDate "1987.??.??"]

1. d4 Nf6 2. Nf3 e6 3. c4 b6 4. g3 Bb7 5. Bg2 Bb4+ 6. Bd2 Be7 7. O-O O-O 8. Nc3
d5 9. cxd5 Nxd5 10. Nxd5 Bxd5 11. Qc2 Nd7 12. e4 Bb7 13. Rfd1 Nf6 14. Re1 c5
15. dxc5 Bxc5 16. b4 Be7 17. Ne5 Nd7 18. Nxd7 Qxd7 19. Bc3 Rfc8 20. Qb2 Bf8 21.
Red1 Qa4 22. a3 Rc7 23. Rdc1 Rac8 24. Be5 Rc2 25. Rxc2 Rxc2 26. Qd4 f6 27. Qd1
Qc6 28. Bf4 Qc4 29. Qd7 Qc8 1/2-1/2

[Event "BL 8687 München 36-Enger"]
[Site "?"]
[Date "1987.??.??"]
[Round "?.2"]
[White "Smejkal, J."]
[Black "Fleck, J."]
[Result "1-0"]
[WhiteElo "2540"]
[BlackElo "2390"]
[PlyCount "75"]
[EventDate "1987.??.??"]

1. Nf3 g6 2. d4 f5 3. g3 Nf6 4. Bg2 Bg7 5. b3 O-O 6. O-O d6 7. Bb2 Ne4 8. c4
Nc6 9. Nbd2 Nxd2 10. Qxd2 e5 11. dxe5 dxe5 12. Qd5+ Kh8 13. Qxd8 Rxd8 14. Ng5
Rd2 15. Bc3 Rxe2 16. Bxc6 bxc6 17. Rfd1 Bf6 18. Kf1 Rc2 19. Bxe5 Bxe5 20. Nf7+
Kg7 21. Nxe5 f4 22. gxf4 Bh3+ 23. Ke1 Rf8 24. Rd2 Rxd2 25. Kxd2 Rxf4 26. Ke3
Rf6 27. Rd1 g5 28. Rd8 Re6 29. f4 gxf4+ 30. Kxf4 Rf6+ 31. Kg3 Be6 32. Ra8 Rf5
33. Nxc6 Rg5+ 34. Kf3 Rh5 35. Nd4 Bf7 36. Kg3 Rg5+ 37. Kf4 Rg2 38. Rxa7 1-0

[Event "BL 8687 München 36-Enger"]
[Site "?"]
[Date "1987.??.??"]
[Round "?.3"]
[White "Stertenbrink, G."]
[Black "Nikolac, J."]
[Result "1-0"]
[WhiteElo "2225"]
[BlackElo "2435"]
[PlyCount "88"]
[EventDate "1987.??.??"]

1. e4 e6 2. d4 d5 3. Nd2 b6 4. Ngf3 Bb7 5. Bd3 Nf6 6. e5 Ne4 7. Qe2 Nxd2 8.
Bxd2 c5 9. c3 Nc6 10. g3 Qd7 11. b4 Be7 12. h4 a5 13. b5 Nd8 14. a4 f5 15. exf6
gxf6 16. Kf1 Bd6 17. g4 Bc8 18. g5 Be7 19. gxf6 Bxf6 20. Ne5 Qe7 21. Bg5 Bd7
22. Qh5+ Nf7 23. Rh3 Rf8 24. Rf3 Bxg5 25. hxg5 cxd4 26. cxd4 Qxg5 27. Qxg5 Nxg5
28. Rxf8+ Kxf8 29. Nxd7+ Ke7 30. Ne5 Rf8 31. Bxh7 Nxh7 32. Ng6+ Kd6 33. Nxf8
Nxf8 34. Rc1 Nd7 35. f4 Ke7 36. Rc6 Kf6 37. Rd6 Ke7 38. Rc6 Kf6 39. Ke2 Ke7 40.
Kf3 Kf6 41. Kg4 Ke7 42. Kg5 Kf7 43. Rc7 Ke7 44. f5 e5 1-0

[Event "BL 8687 München 36-Enger"]
[Site "?"]
[Date "1987.??.??"]
[Round "?.4"]
[White "Bastian, H."]
[Black "Pieper Emden, C."]
[Result "1-0"]
[WhiteElo "2375"]
[BlackElo "2335"]
[PlyCount "61"]
[EventDate "1987.??.??"]

1. e4 c5 2. Nc3 Nc6 3. g3 g6 4. Bg2 Bg7 5. d3 e6 6. Be3 d6 7. f4 Nge7 8. Nf3
Nd4 9. O-O O-O 10. e5 dxe5 11. Nxe5 Rb8 12. Ne4 b6 13. a3 Ndf5 14. Bf2 Nd6 15.
b4 Nxe4 16. Bxe4 Qc7 17. bxc5 f6 18. cxb6 axb6 19. Nc4 f5 20. Bg2 Bxa1 21. Qxa1
Ba6 22. Ne5 b5 23. Nf3 Bb7 24. Ng5 Bc8 25. Re1 Qd6 26. Qa2 Rf6 27. Qb2 Rf8 28.
Qb3 h6 29. Nxe6 Rf7 30. Bc5 Qd7 31. Ng5 1-0

[Event "BL 8687 München 36-Enger"]
[Site "?"]
[Date "1987.??.??"]
[Round "?.5"]
[White "Eising, J."]
[Black "Zysk, R."]
[Result "1/2-1/2"]
[WhiteElo "2355"]
[BlackElo "2405"]
[PlyCount "81"]
[EventDate "1987.??.??"]

1. c4 Nf6 2. Nf3 e6 3. g3 d5 4. Bg2 dxc4 5. Qa4+ Nbd7 6. Qxc4 c5 7. a4 b6 8.
O-O Bb7 9. Nc3 a6 10. d4 cxd4 11. Qxd4 Bc5 12. Qd3 O-O 13. Be3 Qe7 14. Bxc5
Qxc5 15. Rfd1 Rad8 16. Qd6 Nd5 17. Qxc5 Nxc5 18. Nxd5 Bxd5 19. b4 Ne4 20. Rd3
Rc8 21. Nd2 Nf6 22. b5 Bxg2 23. Kxg2 axb5 24. axb5 Rc5 25. Rb1 Nd5 26. Ne4 Rc2
27. Rd2 Rxd2 28. Nxd2 Nc3 29. Rb4 Nxe2 30. Rc4 e5 31. Nf3 e4 32. Ng5 Rd8 33.
Nxe4 f5 34. Kf1 Nd4 35. Nc3 Nf3 36. Kg2 Ne5 37. Rc7 Rd3 38. Na4 Rb3 39. Nxb6
Rxb5 40. Nd7 Nxd7 41. Rxd7 1/2-1/2

[Event "BL 8687 Karlsruhe-Koblenz"]
[Site "?"]
[Date "1987.??.??"]
[Round "?.2"]
[White "Arnold, L."]
[Black "Wolf, V."]
[Result "1-0"]
[WhiteElo "2305"]
[BlackElo "2315"]
[PlyCount "99"]
[EventDate "1987.??.??"]

1. e4 e6 2. d4 d5 3. Nd2 c5 4. exd5 exd5 5. Bb5+ Nc6 6. Qe2+ Be7 7. dxc5 Nf6 8.
Nb3 O-O 9. Be3 Re8 10. O-O-O Bd7 11. Nf3 a6 12. Ba4 Rc8 13. Kb1 h6 14. Rhe1 Qc7
15. Qd2 Bg4 16. h3 Bxf3 17. gxf3 Bf8 18. Rg1 Kh8 19. Bf4 Qd8 20. Bxc6 bxc6 21.
Qd4 Re6 22. Nc1 Nd7 23. Nd3 Qf6 24. Qxf6 Rxf6 25. b4 g5 26. Bg3 Rxf3 27. c4 a5
28. cxd5 cxd5 29. Ne1 Rf5 30. a3 Nf6 31. Nc2 axb4 32. Nd4 Rf4 33. Bxf4 gxf4 34.
axb4 Ne4 35. Rd3 Rb8 36. Nc6 Rc8 37. f3 Nf6 38. Nd4 Rb8 39. Rb3 Nd7 40. Rd1 Bg7
41. Kc2 Ne5 42. Nf5 Nc4 43. Rxd5 Re8 44. b5 Bf8 45. b6 Ne3+ 46. Nxe3 fxe3 47.
Kd1 e2+ 48. Ke1 Be7 49. Kxe2 Bxc5+ 50. Kd2 1-0

[Event "BL 8687 Karlsruhe-Koblenz"]
[Site "?"]
[Date "1987.??.??"]
[Round "?.3"]
[White "Andruet, G."]
[Black "Werner, C."]
[Result "1-0"]
[WhiteElo "2365"]
[BlackElo "2225"]
[PlyCount "57"]
[EventDate "1987.??.??"]

1. d4 d5 2. c4 Bf5 3. Qb3 e5 4. cxd5 exd4 5. Nf3 Be4 6. Qa4+ Qd7 7. Qxd4 Qxd5
8. Nc3 Qxd4 9. Nxd4 Bb4 10. Ndb5 Na6 11. Bf4 Ba5 12. O-O-O Bg6 13. g3 Ne7 14.
Bg2 Nc6 15. a3 Bb6 16. b4 O-O 17. Nd5 Rfe8 18. e3 Nd8 19. Kb2 Rc8 20. Rc1 Ne6
21. Nxb6 cxb6 22. Bxb7 Nxf4 23. Rxc8 Nd3+ 24. Kc3 Rxc8+ 25. Bxc8 Nxf2 26. Rc1
Nb8 27. Kd4 Be4 28. Nxa7 Kf8 29. Rf1 1-0

[Event "BL 8687 Sindelfingen-Heidelberg"]
[Site "?"]
[Date "1987.??.??"]
[Round "?.1"]
[White "Steinbacher, M."]
[Black "Fahnenschmidt, G."]
[Result "1-0"]
[WhiteElo "2280"]
[BlackElo "2340"]
[PlyCount "61"]
[EventDate "1987.??.??"]

1. e4 c5 2. Nf3 e6 3. Nc3 d6 4. a3 Nf6 5. b4 Be7 6. Bb5+ Nfd7 7. bxc5 dxc5 8.
Ne5 O-O 9. Bxd7 Nxd7 10. Nxd7 Bxd7 11. Qe2 b5 12. Rb1 b4 13. Nd1 Qa5 14. Rb3
Ba4 15. Rg3 Bxc2 16. Ne3 Qa4 17. d3 Bb3 18. Bb2 f6 19. O-O bxa3 20. Ba1 Rad8
21. h4 Qb5 22. h5 Rxd3 23. h6 g6 24. Nd5 exd5 25. exd5 Bc4 26. Qxe7 Rf7 27.
Rxg6+ hxg6 28. h7+ Rxh7 29. Qd8+ Kf7 30. Re1 Re3 31. Qxf6+ 1-0

[Event "BL 8687 Sindelfingen-Heidelberg"]
[Site "?"]
[Date "1987.??.??"]
[Round "?.3"]
[White "Mack, P."]
[Black "Bialas, W."]
[Result "1-0"]
[WhiteElo "2280"]
[BlackElo "2345"]
[PlyCount "59"]
[EventDate "1987.??.??"]

1. c4 Nf6 2. Nf3 e6 3. d4 d5 4. Nc3 dxc4 5. e3 a6 6. a4 c5 7. Bxc4 Nc6 8. O-O
Qc7 9. Qe2 Bd6 10. dxc5 Bxc5 11. e4 Ng4 12. g3 O-O 13. Kg2 Bd7 14. h3 Nge5 15.
Nxe5 Nxe5 16. Ba2 b5 17. axb5 axb5 18. Bf4 b4 19. Nb5 Bxb5 20. Qxb5 Ra5 21.
Bxe5 Rxb5 22. Bxc7 b3 23. Bb1 Bd4 24. Bd3 Rb7 25. Bd6 Rd8 26. Ba3 Bxf2 27. Kxf2
Rxd3 28. Rfd1 Rbd7 29. Ke2 R3d4 30. Bc5 1-0

[Event "BL 8687 Sindelfingen-Heidelberg"]
[Site "?"]
[Date "1987.??.??"]
[Round "?.4"]
[White "Gruenenwald, J."]
[Black "Neunhoeffer, H."]
[Result "1/2-1/2"]
[WhiteElo "2290"]
[BlackElo "2235"]
[PlyCount "77"]
[EventDate "1987.??.??"]

1. d4 Nf6 2. c4 e6 3. Nf3 d5 4. Nc3 Bb4 5. Bg5 Nbd7 6. e3 c5 7. Bxf6 Nxf6 8. a3
Bxc3+ 9. bxc3 Qa5 10. Qb3 O-O 11. Bd3 cxd4 12. exd4 dxc4 13. Bxc4 Qc7 14. O-O
b6 15. Ne5 Bb7 16. Rac1 Nd5 17. Bxd5 Bxd5 18. c4 Bb7 19. Rfd1 Rac8 20. a4 Rfd8
21. f3 Ba6 22. Qe3 Qd6 23. d5 exd5 24. cxd5 Rxc1 25. Rxc1 Re8 26. Nc4 Qd7 27.
Qd2 Rc8 28. Ne3 Rxc1+ 29. Qxc1 Bb7 30. Qc3 g6 31. Qe5 f6 32. Qxf6 Bxd5 33. Ng4
Bf7 34. Nh6+ Kf8 35. h3 Qe6 36. Qh8+ Ke7 37. Qxh7 Qe1+ 38. Kh2 Qe5+ 39. Kg1
1/2-1/2

[Event "BL 8687 Sindelfingen-Heidelberg"]
[Site "?"]
[Date "1987.??.??"]
[Round "?.6"]
[White "Runau, R."]
[Black "Nonnenmacher, E."]
[Result "1-0"]
[WhiteElo "2285"]
[BlackElo "2305"]
[PlyCount "89"]
[EventDate "1987.??.??"]

1. d4 Nf6 2. Nf3 e6 3. c4 Bb4+ 4. Nbd2 d5 5. a3 Be7 6. e3 O-O 7. Bd3 b6 8. e4
dxe4 9. Nxe4 Bb7 10. Qe2 c5 11. dxc5 bxc5 12. Bd2 Nc6 13. Bc3 Nd4 14. Bxd4 cxd4
15. O-O Nd7 16. b4 e5 17. Ned2 Re8 18. c5 Bf8 19. Bb5 Rc8 20. Rac1 Bc6 21. Bc4
Qf6 22. Ne4 Bxe4 23. Qxe4 g6 24. Rfe1 Re7 25. h4 Kg7 26. g4 h6 27. g5 hxg5 28.
hxg5 Qf5 29. Qxf5 gxf5 30. Nh4 Ree8 31. Bb5 Rc7 32. Bxd7 Rxd7 33. c6 Rc7 34.
Nxf5+ Kg6 35. Nxd4 Rec8 36. Nf3 Bd6 37. b5 Bxa3 38. Rc4 Bb2 39. Rb1 Ba3 40. Ra1
Bf8 41. Nxe5+ Kxg5 42. Nd7 Be7 43. Rca4 Rxd7 44. cxd7 Rb8 45. Re1 1-0

[Event "BL 8687 Koblenz-Sindelfingen"]
[Site "?"]
[Date "1987.??.??"]
[Round "?.1"]
[White "Fahnenschmidt, G."]
[Black "Gutman, L."]
[Result "0-1"]
[WhiteElo "2340"]
[BlackElo "2460"]
[PlyCount "74"]
[EventDate "1987.??.??"]

1. c4 Nf6 2. Nf3 g6 3. b3 Bg7 4. Bb2 O-O 5. g3 c6 6. Bg2 d5 7. O-O Bg4 8. d3
Nbd7 9. Nbd2 Re8 10. h3 Bxf3 11. Nxf3 e5 12. cxd5 cxd5 13. Rc1 Qb6 14. Rc2 e4
15. Bd4 Qa6 16. dxe4 dxe4 17. Nd2 Rad8 18. e3 h5 19. Qa1 Bf8 20. Rd1 h4 21. g4
Qe6 22. Rc4 b5 23. Rcc1 Ba3 24. Rc7 Bd6 25. Rxa7 Ne5 26. Nxe4 Nxe4 27. Bxe4
Nxg4 28. Bg2 Qf5 29. hxg4 Qxg4 30. f3 Qg3 31. Bh8 Bf8 32. Rxd8 h3 33. Rd2 Rxe3
34. Rf2 Rxf3 35. Rc2 hxg2 36. Rxg2 Bc5+ 37. Kh1 Qh3+ 0-1

[Event "BL 8687 Koblenz-Sindelfingen"]
[Site "?"]
[Date "1987.??.??"]
[Round "?.2"]
[White "Wolf, V."]
[Black "Eppinger, G."]
[Result "1/2-1/2"]
[WhiteElo "2315"]
[BlackElo "2335"]
[PlyCount "60"]
[EventDate "1987.??.??"]

1. e4 c5 2. Nf3 Nc6 3. d4 cxd4 4. Nxd4 Nf6 5. Nc3 d6 6. g3 g6 7. Bg2 Bd7 8. O-O
Bg7 9. Nde2 O-O 10. h3 Qa5 11. Nf4 Rac8 12. Bd2 Rfe8 13. Re1 Ne5 14. Ncd5 Qc5
15. Nxf6+ Bxf6 16. Bc3 b5 17. a3 Bg7 18. Re2 Nc4 19. Nd3 Qh5 20. Bxg7 Kxg7 21.
g4 Qh4 22. b3 Nb6 23. Ne1 Qf6 24. Nf3 Qf4 25. Qd4+ f6 26. Qd2 Qxd2 27. Rxd2 Rc3
28. Nd4 Rec8 29. Bf1 a6 30. Bd3 R3c5 1/2-1/2

[Event "BL 8687 Koblenz-Sindelfingen"]
[Site "?"]
[Date "1987.??.??"]
[Round "?.3"]
[White "Bialas, W."]
[Black "Andruet, G."]
[Result "1-0"]
[WhiteElo "2345"]
[BlackElo "2365"]
[PlyCount "103"]
[EventDate "1987.??.??"]

1. d4 d5 2. Nf3 Nc6 3. g3 Bg4 4. Bg2 e6 5. O-O Be7 6. c3 h5 7. Ne5 Nxe5 8. dxe5
c6 9. h3 Bf5 10. Nd2 Qc7 11. Qb3 O-O-O 12. Qa4 a6 13. Nf3 Be4 14. Ng5 Bxg2 15.
Kxg2 Bxg5 16. Bxg5 f6 17. exf6 gxf6 18. Be3 Ne7 19. Bc5 Rdg8 20. e4 h4 21. g4
Qf4 22. Rfe1 Ng6 23. Be3 Qxe4+ 24. Qxe4 dxe4 25. Bd4 Nf4+ 26. Kh2 e5 27. Bb6
Nd5 28. Ba7 b6 29. c4 Kb7 30. cxd5 cxd5 31. Red1 d4 32. Re1 Kxa7 33. Rxe4 Rd8
34. f4 Rhe8 35. Rae1 d3 36. Kg2 Kb7 37. Kf2 Kc6 38. Rd1 d2 39. fxe5 fxe5 40.
Ke2 Rd4 41. Rxd4 exd4+ 42. Kxd2 Re3 43. Rh1 Kd5 44. Rh2 Ke4 45. Re2 Kf4 46.
Rxe3 dxe3+ 47. Ke2 Ke4 48. g5 Kf5 49. Kxe3 Kxg5 50. Ke4 Kh5 51. Kf5 Kh6 52. Kg4
1-0

[Event "BL 8687 Koblenz-Sindelfingen"]
[Site "?"]
[Date "1987.??.??"]
[Round "?.4"]
[White "Brueckner, T."]
[Black "Gruenenwald, J."]
[Result "1/2-1/2"]
[WhiteElo "2345"]
[BlackElo "2290"]
[PlyCount "69"]
[EventDate "1987.??.??"]

1. d4 Nf6 2. c4 g6 3. Nc3 Bg7 4. e4 d6 5. f3 O-O 6. Be3 Nc6 7. Nge2 a6 8. Qd2
Rb8 9. Rc1 Bd7 10. b3 e5 11. d5 Ne7 12. g3 Nh5 13. Bg2 f5 14. c5 Nf6 15. h3
dxc5 16. Bxc5 b6 17. Bf2 c5 18. O-O Nc8 19. Qd3 fxe4 20. fxe4 Bh6 21. Rcd1 a5
22. g4 Nd6 23. a4 Qc7 24. Bh4 Bg7 25. Bg3 Rbe8 26. Qb1 Bc8 27. Nb5 Nxb5 28.
axb5 Qd6 29. Qd3 Re7 30. Nc3 Ref7 31. Na4 h5 32. g5 Ne8 33. h4 Rxf1+ 34. Rxf1
Qc7 35. Nb2 1/2-1/2

[Event "BL 8687 Koblenz-Sindelfingen"]
[Site "?"]
[Date "1987.??.??"]
[Round "?.5"]
[White "Bauer, P."]
[Black "Schlick, V."]
[Result "1-0"]
[WhiteElo "2310"]
[BlackElo "2285"]
[PlyCount "135"]
[EventDate "1987.??.??"]

1. e4 c5 2. Nf3 Nc6 3. d4 cxd4 4. Nxd4 g6 5. Nc3 Bg7 6. Be3 Nf6 7. Bc4 O-O 8.
Bb3 d6 9. f3 Bd7 10. Qd2 Qc7 11. h4 Ne5 12. O-O-O Rfc8 13. Bh6 Bh8 14. h5 Nc4
15. hxg6 hxg6 16. Qg5 Qc5 17. Qh4 Nh5 18. Qxe7 Bxd4 19. Rxd4 Qxd4 20. Qxd7 Ng3
21. Re1 b5 22. Qxb5 Rc5 23. Qb7 Rac8 24. Be3 Nxe3 25. Qxf7+ Kh8 26. Qxg6 Rh5
27. Qxg3 Nc4 28. Bxc4 Rxc4 29. f4 Rc7 30. Qe3 Qg7 31. g4 Qxg4 32. Rg1 Qe6 33.
Qd4+ Kh7 34. Nd5 Rf7 35. b3 Rh2 36. Qd3 Qh3 37. Rg3 Rh1+ 38. Kb2 Qf1 39. Qxf1
Rxf1 40. Re3 Kg7 41. a3 Rf2 42. b4 Kf8 43. Kb3 Ke8 44. a4 Rg7 45. b5 Rgg2 46.
Rc3 Kd8 47. a5 Rg1 48. Kc4 Re2 49. Kd3 Rh2 50. b6 axb6 51. axb6 Rh3+ 52. Kc4
Rxc3+ 53. Kxc3 Kd7 54. f5 Rh1 55. Kd4 Kc6 56. f6 Rh8 57. Ke3 Kd7 58. Kf4 Ke6
59. c3 Rb8 60. Ke3 Ke5 61. Kd3 Rb7 62. c4 Rb8 63. Kc3 Rh8 64. Kb4 Kxe4 65. Kb5
Kd4 66. b7 Rb8 67. Kc6 Kxc4 68. Nb6+ 1-0

[Event "BL 8687 Koblenz-Sindelfingen"]
[Site "?"]
[Date "1987.??.??"]
[Round "?.6"]
[White "Weidemann, J."]
[Black "Runau, R."]
[Result "0-1"]
[WhiteElo "2265"]
[BlackElo "2285"]
[PlyCount "48"]
[EventDate "1987.??.??"]

1. e4 g6 2. d4 c6 3. h3 Bg7 4. Nf3 d6 5. Nc3 b5 6. Bd3 Nd7 7. O-O a6 8. Re1 e5
9. Bf1 Qc7 10. Bg5 Ngf6 11. a4 b4 12. Na2 exd4 13. Qxd4 c5 14. Qd2 O-O 15. Rad1
Re8 16. Qf4 Bb7 17. Bc4 Nb6 18. Bb3 Nxe4 19. a5 c4 20. axb6 Qc5 21. Nd2 Nxf2
22. Qxf2 Bd4 23. Re3 Rxe3 24. Nf1 Rg3 0-1

[Event "BL 8687 Regensburg-Kreuzberg"]
[Site "?"]
[Date "1987.??.??"]
[Round "?.2"]
[White "Mandl, Ro"]
[Black "Conquest, S."]
[Result "1/2-1/2"]
[WhiteElo "2285"]
[BlackElo "2430"]
[PlyCount "109"]
[EventDate "1987.??.??"]

1. Nf3 Nf6 2. c4 g6 3. g3 Bg7 4. Bg2 O-O 5. O-O d5 6. cxd5 Nxd5 7. d4 Nb6 8.
Nc3 Nc6 9. e3 e5 10. d5 Na5 11. e4 c6 12. Bg5 f6 13. Be3 cxd5 14. Bxb6 Qxb6 15.
Nxd5 Qd8 16. Rc1 Nc6 17. Qb3 Rf7 18. Rfd1 Be6 19. h4 Bh6 20. Rc3 Qf8 21. Qa3 g5
22. Ne3 g4 23. Nh2 Nd4 24. Bf1 Qxa3 25. Rxa3 Bf8 26. Rc3 h5 27. a3 Rd8 28. Kg2
Bh6 29. Bc4 Bxc4 30. Nxc4 b5 31. Ne3 Bxe3 32. Rxe3 Rc8 33. Rd2 Rfc7 34. Red3
Rc2 35. Nf1 Rc1 36. Rd1 Rxd1 37. Rxd1 Rc2 38. Rd2 Rc1 39. Nh2 Re1 40. f3 gxf3+
41. Nxf3 Rxe4 42. Nxd4 exd4 43. Kf3 f5 44. Rc2 Kf7 45. Rc7+ Ke6 46. Rxa7 d3 47.
Ra6+ Ke5 48. Ra8 Kd4 49. Rd8+ Kc4 50. Rc8+ Kb3 51. Rc3+ Kxb2 52. Rxd3 Ra4 53.
Rd5 Rxa3+ 54. Kf4 b4 55. Rxf5 1/2-1/2

[Event "BL 8687 Regensburg-Kreuzberg"]
[Site "?"]
[Date "1987.??.??"]
[Round "?.3"]
[White "Lehmann, K."]
[Black "Speckner, R."]
[Result "1-0"]
[WhiteElo "2270"]
[BlackElo "2205"]
[PlyCount "141"]
[EventDate "1987.??.??"]

1. e4 g6 2. d4 d6 3. Nf3 Bg7 4. Be2 Nd7 5. O-O c5 6. c3 b6 7. Re1 Bb7 8. Bf1
Qc7 9. Na3 a6 10. Bg5 Ngf6 11. e5 dxe5 12. dxe5 Ng4 13. Nc4 Ngxe5 14. Nfxe5
Nxe5 15. f4 Nc6 16. Qd6 Rc8 17. Qxc7 Rxc7 18. Nd6+ Kd7 19. Nxb7 Rxb7 20. Bxa6
Ra7 21. Bb5 e6 22. a4 Kc7 23. Rad1 Re8 24. Re2 f6 25. Red2 Re7 26. Bh4 Ra8 27.
Bf2 Rd8 28. Rxd8 Nxd8 29. a5 bxa5 30. Bxc5 Rf7 31. Be8 Bf8 32. Bf2 Re7 33. Bb5
Nb7 34. Ra1 Bh6 35. g3 e5 36. Re1 Bf8 37. fxe5 Rxe5 38. Rxe5 fxe5 39. Kg2 Nd6
40. Bd3 Bh6 41. Be1 a4 42. Bc2 Bc1 43. Bxa4 Bxb2 44. Kf3 Kb6 45. Ke3 Kc5 46.
Bb3 Bc1+ 47. Ke2 h6 48. Bf2+ Kc6 49. Bc2 g5 50. Bb3 Ba3 51. Kd3 Bc5 52. Be1 h5
53. h3 e4+ 54. Ke2 Kd7 55. Bd5 Ke7 56. g4 hxg4 57. hxg4 Kf6 58. Bg3 Nb5 59. Kd2
Nd6 60. Kc2 e3 61. Kd3 Nc8 62. Bc7 Ne7 63. Bf3 Ng6 64. Ke4 Ke6 65. Bd8 Nf4 66.
Bxg5 e2 67. Bh4 Nd5 68. Be1 Nf6+ 69. Kd3 Ke5 70. Bg3+ Ke6 71. Bxe2 1-0

[Event "BL 8687 Regensburg-Kreuzberg"]
[Site "?"]
[Date "1987.??.??"]
[Round "?.5"]
[White "Grzesik, T."]
[Black "Meister, P."]
[Result "1/2-1/2"]
[WhiteElo "2335"]
[BlackElo "2355"]
[PlyCount "69"]
[EventDate "1987.??.??"]

1. e4 e6 2. d4 d5 3. Nc3 Nc6 4. Nge2 Bb4 5. a3 Bxc3+ 6. Nxc3 dxe4 7. Bb5 Nge7
8. Bg5 f6 9. Be3 O-O 10. Qd2 f5 11. O-O-O Nd5 12. Nxd5 exd5 13. Bxc6 bxc6 14.
Bf4 Qe7 15. h4 Be6 16. Qc3 Bd7 17. Rh3 Rab8 18. h5 h6 19. Rdh1 Be8 20. Qg3 Qf6
21. Qc3 Rf7 22. Rg3 Re7 23. Rhh3 Rb5 24. a4 Rb6 25. Qc5 Kh7 26. Kb1 Rb7 27. b3
Qf8 28. Kb2 Rf7 29. Qxf8 Rxf8 30. Ka3 Rf7 31. b4 Re7 32. c3 a6 33. a5 Rb8 34.
Kb3 Rd8 35. Kc2 1/2-1/2

[Event "BL 8687 Bamberg-Lasker"]
[Site "?"]
[Date "1987.??.??"]
[Round "?.1"]
[White "Muse, M."]
[Black "Pfleger, He"]
[Result "1/2-1/2"]
[WhiteElo "2425"]
[BlackElo "2480"]
[PlyCount "58"]
[EventDate "1987.??.??"]

1. d4 d6 2. Nf3 Nf6 3. Bg5 Nbd7 4. Nbd2 h6 5. Bh4 c5 6. dxc5 Nxc5 7. Bxf6 gxf6
8. c3 f5 9. e3 Bg7 10. Be2 O-O 11. O-O d5 12. Qc2 Bd7 13. Nd4 e6 14. a4 Rc8 15.
Bb5 Ne4 16. N2f3 e5 17. Bxd7 Qxd7 18. Ne2 Qe6 19. Rfd1 Rfd8 20. Qb3 Rd7 21. Ne1
Nc5 22. Qb4 Bf8 23. Qh4 Nb3 24. Qg3+ Bg7 25. Ra3 Na5 26. Nd3 Nc4 27. Raa1 b6
28. Qh3 Rcd8 29. Rab1 a5 1/2-1/2

[Event "BL 8687 Bamberg-Lasker"]
[Site "?"]
[Date "1987.??.??"]
[Round "?.2"]
[White "Seppeur, R."]
[Black "Cladouras, P."]
[Result "1/2-1/2"]
[WhiteElo "2295"]
[BlackElo "2325"]
[PlyCount "29"]
[EventDate "1987.??.??"]

1. Nf3 Nf6 2. g3 g6 3. Bg2 Bg7 4. c4 O-O 5. O-O d6 6. Nc3 e5 7. b4 Re8 8. Rb1
c6 9. b5 c5 10. Ne1 Nbd7 11. d3 Rb8 12. Nc2 h6 13. Ne3 Nb6 14. a4 Be6 15. a5
1/2-1/2

[Event "BL 8687 Kreuzberg-Bamberg"]
[Site "?"]
[Date "1987.??.??"]
[Round "?.2"]
[White "Conquest, S."]
[Black "Seppeur, R."]
[Result "1/2-1/2"]
[WhiteElo "2430"]
[BlackElo "2295"]
[PlyCount "24"]
[EventDate "1987.??.??"]

1. e4 g6 2. d4 Bg7 3. Nc3 d6 4. Be2 Nd7 5. Nf3 e6 6. Bg5 Ne7 7. Qd2 h6 8. Be3
a6 9. a4 b6 10. O-O Bb7 11. Bc4 Nf6 12. d5 e5 1/2-1/2

[Event "BL 8687 Kreuzberg-Bamberg"]
[Site "?"]
[Date "1987.??.??"]
[Round "?.5"]
[White "Ruehrig, V."]
[Black "Konieczka, F."]
[Result "1/2-1/2"]
[WhiteElo "2335"]
[BlackElo "2240"]
[PlyCount "26"]
[EventDate "1987.??.??"]

1. e4 c5 2. d3 d6 3. g3 Nc6 4. Bg2 e6 5. f4 g6 6. Nf3 Bg7 7. c3 Nge7 8. Be3 b6
9. d4 cxd4 10. cxd4 d5 11. e5 Ba6 12. Nc3 O-O 13. Bf2 b5 1/2-1/2

[Event "BL 8687 Kreuzberg-Bamberg"]
[Site "?"]
[Date "1987.??.??"]
[Round "?.6"]
[White "Glienke, M."]
[Black "Kestler, H."]
[Result "1/2-1/2"]
[WhiteElo "2300"]
[BlackElo "2390"]
[PlyCount "29"]
[EventDate "1987.??.??"]

1. d4 Nf6 2. Nf3 g6 3. Bf4 Bg7 4. e3 O-O 5. Be2 d6 6. h3 Nc6 7. O-O Bf5 8. c4
Re8 9. Nc3 Ne4 10. Bh2 Nxc3 11. bxc3 b6 12. Qa4 Bd7 13. Qa3 e5 14. Rfd1 Qe7 15.
Rac1 1/2-1/2

[Event "BL 8687 Lasker-Regensburg"]
[Site "?"]
[Date "1987.??.??"]
[Round "?.2"]
[White "Cladouras, P."]
[Black "Mandl, Ro"]
[Result "1/2-1/2"]
[WhiteElo "2325"]
[BlackElo "2285"]
[PlyCount "45"]
[EventDate "1987.??.??"]

1. e4 c5 2. Nf3 d6 3. d4 cxd4 4. Nxd4 Nf6 5. Nc3 g6 6. Be2 Bg7 7. O-O O-O 8.
Be3 Nc6 9. Qd2 Ng4 10. Bxg4 Bxg4 11. f4 Nxd4 12. Bxd4 e5 13. Be3 exf4 14. Rxf4
Be6 15. Rf2 Be5 16. Bd4 Qh4 17. Bxe5 dxe5 18. Nd5 Bxd5 19. Qxd5 Qe7 20. Raf1
Kg7 21. c3 f6 22. Qb5 Rad8 23. h3 1/2-1/2